[Event "FRA-ch U16 Girls"]
[Site "Troyes"]
[Date "2010.04.18"]
[Round "9"]
[White "Gan, Grace"]
[Black "Aggoune, Audessa"]
[Result "1/2-1/2"]
[WhiteElo "1652"]
[BlackElo "1666"]
[PlyCount "102"]
[EventDate "2010.04.11"]
[EventType "swiss"]
[EventRounds "9"]
[EventCountry "FRA"]
[SourceTitle "EXT 2012"]
[Source "ChessBase"]
[SourceDate "2011.11.24"]
[SourceVersion "1"]
[SourceVersionDate "2011.11.24"]
[SourceQuality "1"]

1. e4 d5 2. exd5 Qxd5 3. Nc3 Qa5 4. Bc4 Nf6 5. d3 g6 6. Bd2 Qb6 7. Qe2 Bg7 8. h4 0-0 9. 0-0-0 c6 10. Nh3 Qd8 11. Rde1 b5 12. Bb3 e6 13. g4 Qd4 14. f3 Nd5 15. Nd1 a5 16. Bxd5 exd5 17. Bc3 Qc5 18. Bxg7 Kxg7 19. h5 Qd6 20. hxg6 fxg6 21. Rh2 Nd7 22. Qe7+ Qxe7 23. Rxe7+ Kf6 24. Rxh7 Ne5 25. g5+ Ke6 26. f4 Ng4 27. Re2+ Kd6 28. Rg7 Bf5 29. Ndf2 Nxf2 30. Nxf2 Rh8 31. Nd1 Rh1 32. Kd2 Rf1 33. Rf2 Rxf2+ 34. Nxf2 Rh8 35. Nd1 Rh1 36. Kc3 Rh4 37. Ne3 Ke6 38. Nxf5 Kxf5 39. Rf7+ Kg4 40. Rf6 Kh5 41. f5 gxf5 42. Rxf5 d4+ 43. Kd2 Rh2+ 44. Kd1 Rh1+ 45. Ke2 Rh2+ 46. Rf2 Rxf2+ 47. Kxf2 Kxg5 48. Kg3 b4 49. b3 c5 50. Kf3 Kf5 51. Kg3 Kg5 1/2-1/2

[Event "FRA-ch U16 Girls"]
[Site "Troyes"]
[Date "2010.04.16"]
[Round "7"]
[White "Gan, Grace"]
[Black "Aflalo, Sophie"]
[Result "1-0"]
[WhiteElo "1652"]
[BlackElo "2041"]
[PlyCount "79"]
[EventDate "2010.04.11"]
[EventType "swiss"]
[EventRounds "9"]
[EventCountry "FRA"]
[SourceTitle "EXT 2012"]
[Source "ChessBase"]
[SourceDate "2011.11.24"]
[SourceVersion "1"]
[SourceVersionDate "2011.11.24"]
[SourceQuality "1"]

1. e4 c5 2. Nf3 Nc6 3. Nc3 Nf6 4. d4 cxd4 5. Nxd4 e5 6. Ndb5 d6 7. Bg5 a6 8. Bxf6 gxf6 9. Na3 b5 10. Nd5 Bg7 11. c3 Ne7 12. Nc2 f5 13. exf5 Bxf5 14. Nxe7 Qxe7 15. Qf3 d5 16. Qxf5 0-0 17. Bd3 e4 18. Be2 Rad8 19. 0-0 Rd6 20. Rad1 Rfd8 21. Nd4 Rf6 22. Qg5 Qd7 23. Bg4 Qd6 24. Nf5 Qf8 25. Qxg7+ Qxg7 26. Nxg7 Kxg7 27. Rd4 Rg6 28. Bf5 Rgd6 29. Rfd1 Re8 30. Rxe4 Rxe4 31. Bxe4 Re6 32. Bf3 Re5 33. Kf1 Re6 34. Bxd5 Rd6 35. Bf3 Rh6 36. h3 Rf6 37. Rd7 a5 38. Bd5 Kg6 39. Bxf7+ Kf5 40. Bg8 1-0

[Event "FRA-ch U14 Girls"]
[Site "Aix les Bains"]
[Date "2009.04.20"]
[Round "3"]
[White "Gan, Grace"]
[Black "Aflalo, Sophie"]
[Result "0-1"]
[WhiteElo "1700"]
[BlackElo "1985"]
[PlyCount "142"]
[EventDate "2009.04.19"]
[EventType "swiss"]
[EventRounds "9"]
[EventCountry "FRA"]
[SourceTitle "CBM 130 Extra"]
[Source "ChessBase"]
[SourceDate "2009.07.02"]
[SourceVersion "2"]
[SourceVersionDate "2009.07.15"]
[SourceQuality "1"]

1. d4 Nf6 2. Nf3 g6 3. c3 Bg7 4. Bf4 d6 5. e3 0-0 6. Bc4 Nbd7 7. 0-0 Qe8 8. h3 e5 9. Bh2 Kh8 10. Nbd2 Nh5 11. e4 f5 12. Qe2 f4 13. Ng5 Nb6 14. Ngf3 h6 15. Bb3 g5 16. Ne1 Qg6 17. Bd1 Nf6 18. dxe5 dxe5 19. Nd3 Re8 20. f3 a5 21. Rc1 Nbd7 22. Ba4 Re6 23. Bxd7 Nxd7 24. Kh1 b6 25. Bg1 Ba6 26. c4 Rd8 27. b3 Nb8 28. Nb1 h5 29. Rfd1 Red6 30. Nc3 Qf7 31. Nb2 Nc6 32. Nd5 Nb4 33. Nxb4 axb4 34. Rxd6 Rxd6 35. Rd1 Bf8 36. Rxd6 Bxd6 37. Nd3 Kg7 38. Bf2 c5 39. h4 Qf6 40. hxg5 Qxg5 41. Qe1 Be7 42. Kg1 Bc8 43. Kf1 Bf6 44. Nb2 h4 45. Ke2 Qxg2 46. Qg1 Qxg1 47. Bxg1 h3 48. Bh2 Kf7 49. Na4 Bd8 50. Nb2 Ke6 51. Nd3 Bh4 52. Nb2 Bg3 53. Bg1 Kd6 54. Kf1 h2 55. Bxh2 Bxh2 56. Nd3 Bh3+ 57. Kf2 Bg3+ 58. Ke2 Bd7 59. Nb2 Ke6 60. Kf1 Kf6 61. Kg2 Be1 62. Nd3 Bc3 63. Nf2 Bd4 64. Nd3 b5 65. cxb5 Bxb5 66. Ne1 Bc3 67. Kf2 Bxe1+ 68. Kxe1 Kg5 69. Kf2 Kh4 70. Kg2 Bd3 71. Kh2 Bb1 0-1

[Event "FRA-ch U12 Girls"]
[Site "Le Grand Bornand"]
[Date "2007.04.??"]
[Round "6"]
[White "Gan, Grace"]
[Black "Massard, Aurelie"]
[Result "0-1"]
[WhiteElo "1600"]
[BlackElo "1520"]
[PlyCount "126"]
[EventDate "2007.04.07"]
[EventType "swiss"]
[EventRounds "9"]
[EventCountry "FRA"]
[SourceTitle "CBM 118 Extra"]
[Source "ChessBase"]
[SourceDate "2007.07.04"]
[SourceVersion "1"]
[SourceVersionDate "2007.07.04"]
[SourceQuality "1"]

1. d4 d5 2. Nf3 e6 3. Bf4 c6 4. c3 f5 5. e3 Nf6 6. Bd3 Nbd7 7. Nbd2 Be7 8. Qe2 0-0 9. 0-0 Ne4 10. Ne5 Qe8 11. Ndf3 Qh5 12. Nxd7 Bxd7 13. Ne5 Qxe2 14. Bxe2 Rad8 15. c4 g5 16. Nxd7 Rxd7 17. Be5 Bd6 18. Bxd6 Rxd6 19. Rfd1 Rdd8 20. cxd5 exd5 21. f3 Nd6 22. Rd3 Rde8 23. Ra3 f4 24. Kf2 fxe3+ 25. Rxe3 Rxe3 26. Kxe3 Re8+ 27. Kd3 Nc4 28. Bf1 Nxb2+ 29. Kc3 Na4+ 30. Kd2 Kg7 31. Rb1 Nb6 32. a4 a5 33. Rxb6 Re7 34. Bd3 Kf6 35. Rb1 h5 36. Rf1 Rc7 37. g4 h4 38. h3 Kg7 39. f4 b5 40. axb5 cxb5 41. Bxb5 Rb7 42. Bc6 Rb4 43. Ke3 Rb3+ 44. Kf2 Rxh3 45. Kg2 Rg3+ 46. Kh2 Rxg4 47. Kh3 Rg3+ 48. Kh2 g4 49. Bxd5 Rd3 50. Bg2 Rxd4 51. f5 Kf6 52. Bc6 Rd2+ 53. Kh1 g3 54. Bg2 a4 55. Kg1 a3 56. Kh1 a2 57. Kg1 Rb2 58. Be4 h3 59. Rc1 Ke5 60. Bd3 Rd2 61. Bb5 Rb2 62. Bd3 Rb3 63. Rd1 Rxd3 0-1

[Event "FRA-ch U12 Girls"]
[Site "Aix les Bains"]
[Date "2006.??.??"]
[Round "1"]
[White "Gan, Grace"]
[Black "Eid, Maha"]
[Result "0-1"]
[WhiteElo "1350"]
[BlackElo "1830"]
[PlyCount "72"]
[EventDate "2006.04.16"]
[EventType "swiss"]
[EventRounds "9"]
[EventCountry "FRA"]
[SourceTitle "EXT 2007"]
[Source "ChessBase"]
[SourceDate "2006.11.23"]
[SourceVersion "1"]
[SourceVersionDate "2006.11.23"]
[SourceQuality "1"]

1. d4 Nf6 2. Nf3 g6 3. c4 Bg7 4. Nc3 d5 5. cxd5 Nxd5 6. e4 Nxc3 7. bxc3 c5 8. Bc4 0-0 9. 0-0 Qa5 10. Qb3 Nc6 11. Be3 Qc7 12. Qc2 cxd4 13. cxd4 Bg4 14. Ng5 Rac8 15. Rac1 Qa5 16. h3 Bd7 17. Nf3 b5 18. d5 Ne5 19. Nxe5 Bxe5 20. Qe2 bxc4 21. Bh6 Bg7 22. Bxg7 Kxg7 23. Qb2+ Kg8 24. Qb7 Rc7 25. Qb2 Qb6 26. Qd2 Bb5 27. Rfe1 Rfc8 28. e5 c3 29. Qf4 Rc4 30. Qf3 Rd4 31. Re3 c2 32. Rb3 Qa6 33. Rb2 Be2 34. Qb3 Rd1+ 35. Rxd1 cxd1Q+ 36. Qxd1 Bxd1 0-1